| 000 | 00978nam a22003137a 4500 | ||
|---|---|---|---|
| 003 | CHAP | ||
| 005 | 20220817042128.0 | ||
| 008 | 971013s1980 r 00010 d | ||
| 010 | _a35590 | ||
| 011 | _a36562 | ||
| 035 | _a40681 | ||
| 040 | _cCHAP | ||
| 090 | _aFolleto 3046 | ||
| 110 | _aMéxico. Dirección General de Planeación Educativa | ||
| 245 |
_aEducación tecnológica _b: normas básicas |
||
| 260 |
_aMéxico, D.F. : _bLa Secretaría, _c1980 |
||
| 300 | _a109 p | ||
| 590 |
_aBATCH-UPD _b10 _c20130110 _lUCH01 _h0315 |
||
| 590 |
_aBATCH-UPD _b10 _c20130110 _lUCH01 _h1927 |
||
| 590 |
_aBATCH-UPD _b10 _c20130409 _lUCH01 _h2348 |
||
| 590 |
_aBATCH-UPD _b10 _c20130914 _lUCH01 _h1236 |
||
| 590 |
_aCONVERSION _b10 _c20130109 _lUCH01 _h1320 |
||
| 650 | 1 | 4 | _aEducación superior. |
| 650 | 1 | 4 |
_aEducación técnica _xMéxico. _935678 |
| 650 | 1 | 4 |
_aEducación _xLeyes. _935460 |
| 901 | _aBK | ||
| 942 | _cFOLL | ||
| 949 |
_aFolleto 3046 _bBC _cFOLL _d-92935 _eTS1 _i40681 _mD _si |
||
| 999 |
_c35590 _d35590 |
||